Recovery-Orientierung in der forensischen Psychiatrie in zwei psychiatrischen Universitätskliniken der Deutschschweiz: ein Modellversuch = Recovery orientation in forensic psychiatry at two university hospitals in German-speaking Switzerland : a pilot project
Mit diesem Modellversuch wurde Wissen über die Anwendbarkeit von Recovery-Orientierung in der forensischen Psychiatrie der Deutschschweiz generiert. Das Forschungsinteresse lag auf dem subjektiven Erleben der Beteiligten sowie den Auswirkungen auf die jeweilige Einrichtung. Zunächst erhielten die be...
| VerfasserInnen: | ; ; ; ; |
|---|---|
| Medienart: | Druck Aufsatz |
| Sprache: | Deutsch |
| Veröffentlicht: |
2025
|
| In: |
Forensische Psychiatrie und Psychotherapie
Jahr: 2025, Band: 33, Heft: 1, Seiten: [46]-72 |
| Verfügbarkeit prüfen: | HBZ Gateway |
| Schlagwörter: |
MARC
| LEADER | 00000naa a2200000 c 4500 | ||
|---|---|---|---|
| 001 | 193222176X | ||
| 003 | DE-627 | ||
| 005 | 20250731145143.0 | ||
| 007 | tu | ||
| 008 | 250731s2025 xx ||||| 00| ||ger c | ||
| 035 | |a (DE-627)193222176X | ||
| 035 | |a (DE-599)KXP193222176X | ||
| 040 | |a DE-627 |b ger |c DE-627 |e rda | ||
| 041 | |a ger | ||
| 084 | |a 2,1 |2 ssgn | ||
| 100 | 1 | |a Schoppmann, Susanne |d 1960- |e VerfasserIn |0 (DE-588)173560318 |0 (DE-627)698471547 |0 (DE-576)134404394 |4 aut | |
| 109 | |a Schoppmann, Susanne 1960- | ||
| 245 | 1 | 0 | |a Recovery-Orientierung in der forensischen Psychiatrie in zwei psychiatrischen Universitätskliniken der Deutschschweiz |b ein Modellversuch = Recovery orientation in forensic psychiatry at two university hospitals in German-speaking Switzerland : a pilot project |c Susanne Schoppmann, Joachim Balensiefen, Stefan Rogge, André Nienaber & Henning Hachtel |
| 246 | 3 | 1 | |a Recovery orientation in forensic psychiatry at two university hospitals in German-speaking Switzerland |b a pilot project |
| 264 | 1 | |c 2025 | |
| 300 | |b Illustrationen | ||
| 336 | |a Text |b txt |2 rdacontent | ||
| 337 | |a ohne Hilfsmittel zu benutzen |b n |2 rdamedia | ||
| 338 | |a Band |b nc |2 rdacarrier | ||
| 500 | |a Literaturverzeichnis: Seite 69-72 | ||
| 520 | |a Mit diesem Modellversuch wurde Wissen über die Anwendbarkeit von Recovery-Orientierung in der forensischen Psychiatrie der Deutschschweiz generiert. Das Forschungsinteresse lag auf dem subjektiven Erleben der Beteiligten sowie den Auswirkungen auf die jeweilige Einrichtung. Zunächst erhielten die beteiligten multidisziplinären Teams gemeinsam mit ihren Patient:innen eine einführende Schulung zum Thema. Im Anschluss wurden stationsweise Arbeitsgruppen aus Patient:innen und Mitarbeitenden gebildet, welche zwei frei zu wählende Recovery-orientierte Maßnahmen erarbeiteten, die anschließend auf der jeweiligen Station umgesetzt wurden. Die Evaluation erfolgte in einem Prä-Post-Design als Mixed-Methods Studie mit Kontrollgruppe. In der Auswertung der quantitativen Daten konnten keine signifikanten Ergebnisse gefunden werden. Die qualitativen Daten zeigen, dass die Patient:innen mit dem Modellversuch subjektiv eine Verbesserung erlebten, während die dafür notwendige Haltungsveränderung für die Mitarbeitenden eine Herausforderung darstellte. | ||
| 520 | |a This pilot project generated knowledge about the applicability of recovery orientation in forensic psychiatry in German-speaking Switzerland. The research focus was on the subjective experience of the participants and the effects on the respective institution. First, the multidisciplinary teams involved received introductory training on the topic together with their patients. Subsequently, working groups of patients and staff were formed on a ward-by-ward basis to develop two recovery-oriented measures of their choice, which were then implemented on the respective ward. The evaluation was carried out in a pre-post design as a mixed-methods study with a control group. No significant results were found in the evaluation of the quantitative data. The qualitative data shows that the patients subjectively experienced an improvement with the pilot project, while the necessary change in attitudes represented a challenge for the staff. | ||
| 650 | 4 | |a Recovery-Orientierung | |
| 650 | 4 | |a forensische Psychiatrie | |
| 650 | 4 | |a Partizipation | |
| 650 | 4 | |a Selbstwirksamkeit | |
| 650 | 4 | |a Recovery orientation | |
| 650 | 4 | |a Forensic psychiatry | |
| 650 | 4 | |a Participation | |
| 650 | 4 | |a Self-efficacy | |
| 700 | 1 | |a Balensiefen, Joachim |e VerfasserIn |4 aut | |
| 700 | 1 | |a Rogge, Stefan |e VerfasserIn |0 (DE-588)1345225113 |0 (DE-627)1905976054 |4 aut | |
| 700 | 1 | |a Hachtel, Henning |e VerfasserIn |4 aut | |
| 700 | 1 | |a Nienaber, André |e VerfasserIn |0 (DE-588)1182063950 |0 (DE-627)1662567677 |4 aut | |
| 773 | 0 | 8 | |i Enthalten in |t Forensische Psychiatrie und Psychotherapie |d Lengerich : Pabst, 1994 |g 33(2025), 1, Seite [46]-72 |w (DE-627)182391825 |w (DE-600)1203700-X |w (DE-576)041614208 |x 0945-2540 |7 nnas |
| 773 | 1 | 8 | |g volume:33 |g year:2025 |g number:1 |g pages:[46]-72 |
| 951 | |a AR | ||
| ELC | |b 1 | ||
| LOK | |0 000 xxxxxcx a22 zn 4500 | ||
| LOK | |0 001 4751600699 | ||
| LOK | |0 003 DE-627 | ||
| LOK | |0 004 193222176X | ||
| LOK | |0 005 20250731145143 | ||
| LOK | |0 008 250731||||||||||||||||ger||||||| | ||
| LOK | |0 040 |a DE-21-110 |c DE-627 |d DE-21-110 | ||
| LOK | |0 852 |a DE-21-110 | ||
| LOK | |0 852 1 |m p |9 00 | ||
| LOK | |0 938 |k p | ||
| LOK | |0 939 |a 31-07-25 |b l01 | ||
| ORI | |a SA-MARC-krimdoka001.raw | ||
